|
|
|
|
| LEADER |
00000nam a22000007a 4500 |
| 005 |
20190412122845.0 |
| 007 |
cr|||| |||| |
| 008 |
190412s2017 mx |||||s|||| 00||0 spa d |
| 020 |
|
|
|a 978-607-8156-74-0
|
| 035 |
|
|
|a 23144
|
| 040 |
|
|
|a vLex
|
| 090 |
|
|
|c 8609
|d 8609
|
| 100 |
1 |
|
|a Casas Ramos, ℓngel Javier
|
| 245 |
1 |
0 |
|a Tp̤icos y utp̤icos laborales
|h [Recurso electrn̤ico] :
|b Una aproximacin̤ entre la realidad y el derecho /
|c ℓngel Javier Casas Ramos
|
| 256 |
|
|
|a Servicio en ln̕ea
|
| 260 |
|
|
|a Veracruz:
|b Universidad de Xalapa,
|c 2017
|
| 300 |
|
|
|a 1 recurso electrn̤ico
|
| 506 |
1 |
|
|a Disponible solo en los productos indicados
|d vLex Global
|d vLex Global (Academic Edition, excluding Law Schools)
|d vLex Global (U.S. Academic Edition, Law Schools)
|d vLex Global (U.S. Academic Edition, excluding Law Schools)
|d vLex Global (Academic Edition, Law Schools)
|
| 650 |
0 |
4 |
|a Derecho Laboral y Seguridad Social
|z Mx̌ico
|
| 740 |
0 |
|
|a vLex Libros (Servicio en ln̕ea)
|
| 856 |
4 |
0 |
|u http://vlex.com/source/tagsos-y-utopicos-laborales-una-aproximacion-entre-la-realidad-y-el-derecho-23144
|z Acceso restringido
|
| 942 |
|
|
|c BOOK
|
| 999 |
0 |
|
|a Labor law and social security
|